Foundations for Electronics (Record no. 671)
[ view plain ]
| 000 -LEADER | |
|---|---|
| fixed length control field | 00333nam a22001337a 4500 |
| 050 ## - LIBRARY OF CONGRESS CALL NUMBER | |
| Classification Number | TK146 |
| Item Number | .D69 1972 |
| 100 ## - MAIN ENTRY--Author | |
| Personal name | Doyle John M. |
| 245 ## - TITLE | |
| Title | Foundations for Electronics |
| 260 ## - PUBLICATION, DISTRIBUTION, ETC.(IMPRINT) | |
| Place of publication, distribution, etc | Califonia |
| Name of publisher, distributor, etc | Rinehart Press |
| Date of publication, distribution, etc | 1972 |
| 300 ## - PHYSICAL DESCRIPTION | |
| Extent | xv, 457p. |
| 500 ## - GENERALNOTE | |
| General note | includes index |
| 650 ## - SUBJECT--TOPIC | |
| Topical term following geographic name as entry element | Electrical engineering |
| Form subdivision | book |
| General subdivision | PBK |
| 942 ## - ADDED ENTRY ELEMENTS(KOHA) | |
| Koha item type | General circulation |
| Source of classification or shelving scheme | Not for loan | Location (home branch) | Sublocation (holding branch) | Date accessioned | Cost, normal purchase price | Full call number | Barcode | Cost, replacement price | Nonpublic note | Koha item type | Public note |
|---|---|---|---|---|---|---|---|---|---|---|---|
| Library of Congress Classification | Main Campus Library | Main Campus Library | 11/08/2014 | 7177.50 | TK 146 .D69 | 2019/024975 | 7677.00 | BONNIE | General circulation | BONNIE |